000 00540nam a2200229 a 4500
001 13537
003 BD-JhCC
005 20240121084155.0
008 240121b2013 en ||||| ||a| 000 0 eng d
020 _a9780230765016
035 _a(BD-JhCC)13537
040 _aBD-JhCC
_dBD-JhCC
041 _aeng
082 _a823.92
_bPAT 2013
100 _aPatrick, Seth
245 _aReviver
_cSeth Patrick
260 _aLondon :
_bMacmillan ;
_c2013.
300 _a407 p. :
_c24cm.
650 _aEnglish Novel
942 _2ddc
_cBK
999 _c13537
_d13537